Čom sja zainteresovav rusyn'skym jazykom? naše intervju

Bibliographic Details
Main Authors: Homoljova, Zuzana (ain), Dan'kova, Jana (Author, ain), Dronov, Michail, 1980- (Author, uin)
Format: Article
Language:Slavic languages
PhysicalDescription:Fotogr.
Subjects:

MARC

LEADER 00000nab a2200000 a 4500
001 vtls000835838
003 SK-MaSNL
005 20260318125012.0
008 240612c2003 xo 0 sla
015 |a SNBRB2003/05-15536 
035 |a CLN000187493 
040 |a SNKBUCL  |b slo  |c SNKBUCL  |e AACR2 
041 0 |a sla  |a rue 
044 |a xo  |c SK 
080 |a 378.4  |2 UDC-MRF-SK2 
080 |a 808.75  |2 UDC-MRF-SK2 
080 |a 008(=83)(437.6)  |2 UDC-MRF-SK2 
100 1 |a Homoljova, Zuzana  |4 ain  |9 1265215 
245 1 0 |a Čom sja zainteresovav rusyn'skym jazykom?  |b naše intervju  |c Zuzana Homoljova, Jana Dan'kova, Mychail Dronov 
300 |b Fotogr. 
610 7 |a Prešovská univerzita v Prešove.  |b Inštitút národnostných štúdií a cudzích jazykov  |2 snkbucl  |9 178535 
650 0 7 |a rusínčina  |2 snkbucl  |9 51510 
650 0 7 |a kultúra rusínska  |2 snkbucl  |9 993738 
655 7 |a články z novín a časopisov  |2 snkbucl  |9 267496 
700 1 |a Dan'kova, Jana  |4 aut  |4 ain  |9 1265216 
700 1 |a Dronov, Michail,  |d 1980-  |4 aut  |4 uin  |9 1184611 
773 0 |t Narodny novynky  |g Roč. 13, č. 9-12 (2003) 
773 0 |t [Príl.] Rusalka  |g Č. 1 (2003), s. [3] 
850 |a Slovenská národná knižnica v Martine 
852 |a SNK  |b KIS3GCP 
999 |c 2264040  |d 2265970